000 00188nam a2200085Ia 4500
008 250605s9999 xx 000 0 und d
041 _aeng
100 _aAnkita Ghosh
245 _aGroup Carnival
999 _c45830
_d45830